000 00777nam a22003017a 4500
001 BR7901422
003 BR-BrBNA
005 20230928085945.0
007 ta
008 230509b bl.||||| |||| 00| 0 por d
040 _aBR-BrBNA
_bpor
_cBiblioteca Nacional de Agricultura
041 _a(Por)
072 _aL00; L30; L73
_b6000
090 _ 6000 BR7901422
100 1 _aEnglert, S.I.
245 1 _aAvicultura. Tudo sobre racas manejo, alimentacao e sanidade
250 1 _a2. ed.
260 3 _aPorto Alegre, RS (Brasil):
_c1978.
300 _a288 p.
650 _aAVE DOMESTICA
650 _aINSTALACAO AGRICOLA
650 _aPOSTURA
650 _aCONFINAMENTO
650 _aRACA
650 _aMANEJO
909 _a202309
_bLucia
_c55
_dLucia Elande
942 _cBK
999 _c27178
_d27178